书目信息 |
| 题名: |
半参数回归模型及其应用
|
|
| 作者: | 金林 著 | |
| 分册: | ||
| 出版信息: | 广州 世界图书出版广东有限公司 2016.10 |
|
| 页数: | 247页 | |
| 开本: | 24cm | |
| 丛书名: | 中南财经政法大学青年学术文库 | |
| 单 册: | ||
| 中图分类: | O212.1 | |
| 科图分类: | ||
| 主题词: | 回归分析--半参数模型--研究 | |
| 电子资源: | ||
| ISBN: | 978-7-5192-1936-9 | |
| 000 | 01126oam2 2200277 450 | |
| 001 | 0400001719 | |
| 005 | 20171019141141.0 | |
| 010 | @a978-7-5192-1936-9@dCNY52.00 | |
| 100 | @a20170328d2016 em y0chiy50 ea | |
| 101 | 0 | @achi@deng |
| 102 | @aCN@b440000 | |
| 105 | @aa z 000yy | |
| 106 | @ar | |
| 200 | 1 | @a半参数回归模型及其应用@9ban can shu hui gui mo xing ji qi ying yong@dSemiparametric regression:model and its application@f金林著 |
| 210 | @a广州@c世界图书出版广东有限公司@d2016.10 | |
| 215 | @a247页@c图@d24cm | |
| 225 | 1 | @a中南财经政法大学青年学术文库@f姚莉主编 |
| 300 | @a本书受中南财经政法大学出版基金资助 | |
| 330 | @a本书主要讨论半参数回归模型及其推广模型,并利用它们研究了一个重要的官方统计问题:中国全国及地区GDP数据准确性评估。主要内容包括:导论;非参数回归模型、关参数模型和广义可加模型等。 | |
| 461 | 0 | @12001 @a中南财经政法大学青年学术文库 |
| 510 | 1 | @aSemiparametric regression:model and its application@zeng |
| 606 | 0 | @a回归分析@x半参数模型@x研究 |
| 690 | @aO212.1@v5 | |
| 701 | 0 | @a金林@9jin lin@f(1982-)@4著 |
| 801 | 0 | @aCN@b91MARC@c20171019 |
| 905 | @b1030361-5@dO212.1@f5@e104 | |
| 半参数回归模型及其应用=Semiparametric regression:model and its application/金林著.-广州:世界图书出版广东有限公司,2016.10 |
| 247页:图;24cm.-(中南财经政法大学青年学术文库/姚莉主编) |
| 本书受中南财经政法大学出版基金资助 |
| ISBN 978-7-5192-1936-9:CNY52.00 |
| 本书主要讨论半参数回归模型及其推广模型,并利用它们研究了一个重要的官方统计问题:中国全国及地区GDP数据准确性评估。主要内容包括:导论;非参数回归模型、关参数模型和广义可加模型等。 |
| ● |
| 相关链接 |
|
|
|
|
正题名:半参数回归模型及其应用
索取号:O212.1/104
 
预约/预借
| 序号 | 登录号 | 条形码 | 馆藏地/架位号 | 状态 | 备注 |
| 1 | 1030361 | 210303615 | 第二样本阅览室/ [索取号:O212.1/104] | 在馆 | |
| 2 | 1030362 | 210303624 | 数信系资料室/ [索取号:O212.1/104] | 在馆 | |
| 3 | 1030363 | 210303633 | 第三借阅区/ [索取号:O212.1/104] | 在馆 | |
| 4 | 1030364 | 210303642 | 第三借阅区/ [索取号:O212.1/104] | 在馆 | |
| 5 | 1030365 | 210303651 | 第三借阅区/ [索取号:O212.1/104] | 在馆 |